[Event "Let's Play Chess!"]
[Site "http://www.queenalice.com/game.php?id=839472"]
[Date "2010.9.29"]
[Round "-"]
[White "Scaracioli"]
[Black "joaomendes"]
[Result "1-0"]
[WhiteElo "1625"]
[BlackElo "1100"]

1. e4 Nf6 2. e5 Ne4 3. d3 Nc5 4. d4 Ne6 5. Nf3 Nc6 6. d5 Ncd4 7. dxe6 Nxe6 8.
Bc4 Nc5 9. Be3 Na4 10. b3 Nb2 11. Qd4 c5 12. Qxb2 Qa5+ 13. Bd2 Qb6 14. O-O f5
15. Qc3 1-0

[Event "Let's Play Chess!"]
[Site "http://www.queenalice.com/game.php?id=839473"]
[Date "2010.9.29"]
[Round "-"]
[White "Scaracioli"]
[Black "joaomendes"]
[Result "1-0"]
[WhiteElo "1627"]
[BlackElo "1100"]

1. e4 Nf6 2. e5 Ne4 3. d3 Nc5 4. d4 Ne6 5. d5 Nc5 6. Nf3 d6 7. exd6 cxd6 8. Nc3
e5 9. Be3 Ncd7 10. Ng5 f6 11. Nge4 f5 12. Nd2 f4 13. Bxf4 1-0

[Event "Challenge"]
[Site "http://www.queenalice.com/game.php?id=839489"]
[Date "2010.9.29"]
[Round "-"]
[White "Sampaio"]
[Black "joaomendes"]
[Result "1-0"]
[WhiteElo "1665"]
[BlackElo "1100"]

1. d4 Nc6 2. e4 Nf6 3. Nc3 e5 4. Nf3 exd4 5. Nxd4 Nxd4 6. Qxd4 b6 7. e5 c5 8.
Qa4 Ng8 9. Bd3 a6 10. O-O b5 11. Nxb5 Bb7 12. Nd6+ Bxd6 13. exd6 Bd5 14. Re1+
Ne7 15. Rxe7+ Kf8 16. Bg5 g6 17. Qh4 Qb6 18. Qh6+ 1-0

[Event "Let's Play Chess!"]
[Site "http://www.queenalice.com/game.php?id=839494"]
[Date "2010.9.29"]
[Round "-"]
[White "joaomendes"]
[Black "kinghenry"]
[Result "0-1"]
[WhiteElo "1100"]
[BlackElo "1708"]

1. e4 b6 2. d4 Bb7 3. Qf3 Nf6 4. e5 Bxf3 5. gxf3 Nh5 6. h4 e6 7. Nh3 Qxh4 8. Rg1
Qxd4 9. Be3 Qxb2 10. Nd2 Qxa1+ 11. Ke2 Qxa2 0-1

[Event "AUTO-OPEN-2119"]
[Site "http://www.queenalice.com/game.php?id=839640"]
[Date "2010.9.29"]
[Round "1"]
[White "norbertokruger"]
[Black "joaomendes"]
[Result "1-0"]
[WhiteElo "1815"]
[BlackElo "1100"]

1. e4 e5 2. Nf3 d6 3. Bc4 c6 4. Nc3 Na6 5. Bxa6 bxa6 6. d4 c5 7. dxe5 dxe5 8.
Qxd8+ Kxd8 9. Nxe5 Bd6 10. Nxf7+ Ke7 11. Nxh8 Bg4 12. Nd5+ Ke6 13. f3 Bh5 14.
Be3 c4 15. Bc5 Bxc5 16. Nc7+ Kd6 17. Nxa8 1-0

[Event "AUTO-OPEN-2119"]
[Site "http://www.queenalice.com/game.php?id=839641"]
[Date "2010.9.29"]
[Round "1"]
[White "joaomendes"]
[Black "norbertokruger"]
[Result "0-1"]
[WhiteElo "1100"]
[BlackElo "1813"]

1. Nc3 e5 2. Nf3 d5 3. Nxe5 d4 4. Nd5 Qxd5 5. f4 Be7 6. g3 Qxh1 7. c4 Bh3 8. d3
Qxf1+ 9. Kd2 Qg2 10. Kc2 Nf6 11. Kb3 Ng4 0-1

[Event "AUTO-OPEN-2119"]
[Site "http://www.queenalice.com/game.php?id=839666"]
[Date "2010.9.29"]
[Round "1"]
[White "marcoswerneck"]
[Black "joaomendes"]
[Result "1-0"]
[WhiteElo "1759"]
[BlackElo "1100"]

1. e4 e6 2. d4 d5 3. e5 Nh6 4. Bxh6 gxh6 5. Nf3 Bb4+ 6. c3 Be7 7. Bd3 Nc6 8. O-O
Bg5 9. Nbd2 Rg8 10. Bxh7 Rh8 11. Bd3 f5 12. b4 b6 13. Bb5 Bb7 14. Qa4 a6 15.
Bxc6+ Bxc6 16. Qxc6+ Qd7 17. Qxa8+ Qd8 18. Qxd8+ 1-0

[Event "AUTO-OPEN-2119"]
[Site "http://www.queenalice.com/game.php?id=839667"]
[Date "2010.9.29"]
[Round "1"]
[White "joaomendes"]
[Black "marcoswerneck"]
[Result "0-1"]
[WhiteElo "1100"]
[BlackElo "1761"]

1. d4 d5 2. e3 Nf6 3. Nc3 e6 4. g4 Nc6 5. h3 e5 6. f4 exf4 7. exf4 Be7 8. Rh2
Be6 9. f5 Bd7 10. g5 Ne4 11. Nxd5 Bxf5 12. c4 Bxg5 13. h4 Bxh4+ 14. Ke2 Bg4+ 15.
Ke3 O-O 16. Qxg4 Bg5+ 0-1

[Event "AUTO-OPEN-2119"]
[Site "http://www.queenalice.com/game.php?id=839684"]
[Date "2010.9.29"]
[Round "1"]
[White "joaomendes"]
[Black "Givanildo"]
[Result "0-1"]
[WhiteElo "1100"]
[BlackElo "1575"]

1. Nc3 c6 2. Ne4 e6 3. Nf3 h6 4. d4 d5 5. Ng3 g6 6. e4 Nf6 7. Bd3 a5 8. a4 Bb4+
9. c3 Bd6 10. e5 Bxe5 11. dxe5 Ng4 12. h3 Nxf2 13. Kxf2 b6 14. b3 Ba6 15. Ne2 g5
16. h4 g4 17. Nfd4 Rg8 18. Bh7 Rg7 19. Bc2 f6 20. exf6 Qxf6+ 21. Nf3 gxf3 22.
gxf3 Qe5 0-1

[Event "AUTO-OPEN-2119"]
[Site "http://www.queenalice.com/game.php?id=839685"]
[Date "2010.9.29"]
[Round "1"]
[White "Givanildo"]
[Black "joaomendes"]
[Result "1-0"]
[WhiteElo "1577"]
[BlackElo "1100"]

1. e4 e6 2. Bc4 c6 3. d3 d5 4. exd5 cxd5 5. Bb5+ Bd7 6. a4 Nf6 7. Qf3 g6 8. h3
Nh5 9. h4 e5 10. Bg5 f6 11. Be3 e4 12. dxe4 dxe4 13. Qxe4+ Be7 14. Qxb7 Bc6 15.
Bxc6+ Kf7 16. Qxa8 Nxc6 17. Qxc6 Qd6 18. Qc4+ Qe6 19. Qxe6+ Kxe6 20. Nf3 Bb4+
21. Nbd2 Rd8 22. O-O-O Bxd2+ 23. Bxd2 Ng7 24. Rhe1+ Kf5 25. Nh2 1-0